Carte pays Moyen-Orient et Afrique du nord - Statistiques

Statistiques générales
  • Ce quiz a été pris 132 fois
  • Le résultat moyen est 13 sur 18
Statistiques - réponses
Indice Répondre % Correct
Afrique Egypte
96%
Afrique Algérie
91%
Afrique Maroc
91%
Moyen-Orient Arabie saoudite
86%
Afrique Tunisie
86%
Moyen-Orient Irak
84%
Afrique Libye
81%
Moyen-Orient Oman
79%
Moyen-Orient Yemen
79%
Moyen-Orient Liban
78%
Moyen-Orient Syrie
75%
Moyen-Orient Jordanie
73%
Moyen-Orient Qatar
72%
Moyen-Orient Emirats arabes unis
71%
Moyen-Orient Koweït
63%
Moyen-Orient Bahreïn
60%
Moyen-Orient Palestine
60%
Moyen-Orient L'Iran
2%
Aucun quiz correspondant
Distribution des résultats
% des personnes avec chaque résultat
Percentile par nombre de réponses
Votre historique - résultats
Vous n’avez pas pris ce quiz